000 00294nam a2200133Ia 4500
008 100328s9999 xx 000 0 und d
082 _b16091
100 _aPushkin A.S.
245 _aDubrovsky
260 _bForeign Languages
630 _aDubrovsky
730 _aDubrovsky
942 _cBOOK
999 _c510814
_d510811